[Event "Lanzarote op"]
[Site "Lanzarote"]
[Date "2018.06.28"]
[Round "7"]
[White "Betancort Tubau, Javier"]
[Black "Simon, Fernand"]
[Result "1-0"]
[WhiteElo "1524"]
[BlackElo "1396"]
[PlyCount "45"]
[EventDate "2018.06.25"]
[EventType "swiss"]
[EventRounds "9"]
[EventCountry "ESP"]
[SourceTitle "CBM 185 Extra"]
[Source "ChessBase"]
[SourceDate "2018.07.29"]
[SourceVersion "1"]
[SourceVersionDate "2018.07.29"]
[SourceQuality "1"]

1. d4 d5 2. e3 Nf6 3. Bd3 Bg4 4. f3 Bh5 5. Nh3 e6 6. Nf4 Bg6 7. Nxg6 hxg6 8. Nd2 Bd6 9. f4 Nbd7 10. c4 c6 11. c5 Bc7 12. Nf3 Qe7 13. Bd2 Ne4 14. Bxe4 dxe4 15. Ne5 g5 16. Qb3 0-0-0 17. 0-0-0 gxf4 18. exf4 Nf6 19. Be3 Nd5 20. g3 Rh6 21. Qa3 Kb8 22. Qb3 f6 23. Nxc6+ 1-0

[Event "Lanzarote op"]
[Site "Lanzarote"]
[Date "2018.06.27"]
[Round "6"]
[White "Betancort Tubau, Javier"]
[Black "Sanchez Orozco, Edward Steven"]
[Result "1/2-1/2"]
[WhiteElo "1524"]
[BlackElo "1335"]
[PlyCount "65"]
[EventDate "2018.06.25"]
[EventType "swiss"]
[EventRounds "9"]
[EventCountry "ESP"]
[SourceTitle "CBM 185 Extra"]
[Source "ChessBase"]
[SourceDate "2018.07.29"]
[SourceVersion "1"]
[SourceVersionDate "2018.07.29"]
[SourceQuality "1"]

1. d4 d5 2. e3 Nf6 3. Bd3 Nc6 4. c3 g6 5. f4 Bg7 6. Nf3 e6 7. Nbd2 b6 8. Bb5 Bd7 9. b4 Ne7 10. Bxd7+ Nxd7 11. Ne5 Nxe5 12. fxe5 Nf5 13. Nf3 0-0 14. 0-0 c5 15. bxc5 bxc5 16. Qe2 a6 17. Ba3 cxd4 18. Bxf8 Bxf8 19. exd4 Qa5 20. Qd3 Rc8 21. Rfc1 Bh6 22. Nd2 Ne3 23. h3 Nc4 24. Nb3 Qd8 25. Rf1 Qg5 26. Qf3 Qe3+ 27. Qxe3 Nxe3 28. Rf3 Nc2 29. Raf1 Ne3 30. Nc5 Nxf1 31. Kxf1 Bd2 32. Ke2 Bc1 33. Kd1 1/2-1/2